The leopard / (Record no. 190999)
[ view plain ]
| 000 -LEADER | |
|---|---|
| fixed length control field | 00719 a2200169 4500 |
| 003 - CONTROL NUMBER IDENTIFIER | |
| control field | Nust |
| 005 - DATE AND TIME OF LATEST TRANSACTION | |
| control field | 20230201101112.0 |
| 040 ## - CATALOGING SOURCE | |
| Transcribing agency | Nust |
| 082 ## - DEWEY DECIMAL CLASSIFICATION NUMBER | |
| Classification number | 808.83,LAM |
| 100 ## - MAIN ENTRY--PERSONAL NAME | |
| Personal name | Tomasi Di Lampedusa, Giuseppe, |
| 9 (RLIN) | 108333 |
| 245 ## - TITLE STATEMENT | |
| Title | The leopard / |
| Statement of responsibility, etc. | Giuseppe Di Lampedusa, |
| Medium | Translated from the Italian by Archibald Colquhoun. |
| 260 ## - PUBLICATION, DISTRIBUTION, ETC. | |
| Place of publication, distribution, etc. | New York |
| Name of publisher, distributor, etc. | Pantheon |
| Date of publication, distribution, etc. | 1960 |
| 300 ## - PHYSICAL DESCRIPTION | |
| Extent | 319 p. |
| Other physical details | 22 cm. |
| 505 ## - FORMATTED CONTENTS NOTE | |
| Formatted contents note | Introduction to the Prince (Page-9), Donnafugata (Page-49), The Troubles of Don Fabrizio (Page-86), Love At Donnafugata (Page-126), Father Pirrone Pays a Visit (Page-175), A Ball (Page-196), Death of a Prince (Page-221), Relics (Page-234). |
| 650 ## - SUBJECT ADDED ENTRY--TOPICAL TERM | |
| Topical term or geographic name entry element | Taly --Fiction. |
| 9 (RLIN) | 108334 |
| 942 ## - ADDED ENTRY ELEMENTS (KOHA) | |
| Source of classification or shelving scheme | |
| Koha item type | Book |
| Call number prefix | 808.83,LAM |
| Withdrawn status | Lost status | Source of classification or shelving scheme | Damaged status | Not for loan | Permanent Location | Current Location | Shelving location | Date acquired | Full call number | Barcode | Date last seen | Price effective from | Koha item type | Public note |
|---|---|---|---|---|---|---|---|---|---|---|---|---|---|---|
| Military College of Signals (MCS) | Military College of Signals (MCS) | General Stacks | 12/12/2016 | 808.83,LAM | MCS30048 | 12/08/2016 | 12/12/2016 | Book | Almirah No. 57, Shelf No.1 |
